| 000 | 00908nam a2200265 a 4500 | ||
|---|---|---|---|
| 001 | BRCA_968 | ||
| 005 | 20190320203227.0 | ||
| 008 | 010711s2001----nyua#####b---#000-0#eng-d | ||
| 020 | _a0872731464 | ||
| 041 | _aeng | ||
| 044 | _anyu | ||
| 050 | 4 |
_aNE508 _b.K87 2001 |
|
| 100 | 1 |
_aKushner, Marilyn S. _d1948- _93194 |
|
| 245 | 1 | 0 |
_aDigital _bprintmaking now _cMarilyn S. Kushner. |
| 260 |
_aNueva York _bBrooklyn Museum of Art _c2001 |
||
| 300 |
_a117 p. _bil. a color _c28 cm. |
||
| 500 | _aCatálogo de la exposición realizada en el Brooklyn Museum of Art (Nueva York), 22 junio - 2 septiembre, 2001 | ||
| 500 | _aEjemplar engargolado | ||
| 500 | _aPor política no se presta a domicilio | ||
| 504 | _aIncluye referencias bibliográficas | ||
| 650 | 1 | 4 |
_aImpresiones americanas _vExposiciones _93195 |
| 650 | 1 | 4 |
_aImpresiones _vExposiciones _zNueva York (Estado) _93196 |
| 902 | _aeng | ||
| 942 |
_2lcc _cB |
||
| 999 |
_c854 _d854 |
||